000 00404nam a22001217a 4500
040 _cHS
082 _a631
100 _aអ៊ឹម ឈួន
245 _aលំនាំនៃការវិភាគដី ជាធម្មតាក្នុងធរណីសាស្ត្រ guide des analysis courantes en pedologie
260 _aNA
_bអ៊ឹម ឈួន
_c1989
300 _a202p;
942 _cKB
999 _c8854
_d8854